Enciclopedia filosófica
Gardado en:
| Autor Corporativo: | |
|---|---|
| Formato: | Libro |
| Idioma: | Lingua italiana |
| Publicado: |
Venecia
Istituto per la Collaborazione Culturale
1957
|
| Subjects: | |
| Tags: |
Engadir etiqueta
Sen Etiquetas, Sexa o primeiro en etiquetar este rexistro!
|
MARC
| LEADER | 00000nam a2200000 a 4500 | ||
|---|---|---|---|
| 001 | UCZ6151 | ||
| 003 | CL-VaPUC | ||
| 008 | 951201e19570000IT |||||||||||||||||ita|d | ||
| 082 | 0 | 4 | |a 103 |b CEN |2 21 |
| 110 | 2 | |a Centro di Studi Filosofici di Gallarate |e author |9 350378 | |
| 245 | 1 | 0 | |a Enciclopedia filosófica |
| 300 | |a 4 v | ||
| 942 | |c BK | ||
| 945 | |d 19951201 00:00:00 |a cmena | ||
| 260 | |a Venecia |b Istituto per la Collaborazione Culturale |c 1957 | ||
| 500 | |a v.1: A - EQ | ||
| 500 | |a v.2: ER - LE | ||
| 500 | |a v.3: LI - REI | ||
| 500 | |a v.4: REL - Z. Indici | ||
| 650 | 0 | |a Filosofía |9 223554 | |
| 650 | 0 | |a Enciclopedias |9 264135 | |
| 650 | 0 | |a Diccionarios |9 256200 | |
| 583 | |a last modification |c 19951201 00:00:00 |k Rodrigo Vera | ||
| 999 | |c 242407 |d 242405 | ||
| 952 | |0 0 |1 0 |4 0 |6 103_000000000000000_CEN_1957 |7 0 |8 X |9 255324 |a BIBEDU |b BIBEDU |d 2019-11-19 |h v.1 |i 2951061 |o 103 CEN 1957 |p 2951061 |r 2023-01-13 |w 2019-11-19 |y BK_X |k FIL | ||
| 952 | |0 0 |1 0 |4 0 |6 103_000000000000000_CEN_1957 |7 0 |8 X |9 255325 |a BIBEDU |b BIBEDU |d 2019-11-19 |h v.2 |i 2556456 |o 103 CEN 1957 |p 2556456 |r 2023-01-13 |w 2019-11-19 |y BK_X |k FIL | ||
| 952 | |0 0 |1 0 |4 0 |6 103_000000000000000_CEN_1957 |7 0 |8 X |9 255326 |a BIBEDU |b BIBEDU |d 2019-11-19 |h v.3 |i 2588935 |o 103 CEN 1957 |p 2588935 |r 2023-01-13 |w 2019-11-19 |y BK_X |k FIL | ||
| 952 | |0 0 |1 0 |4 0 |6 103_000000000000000_CEN_1957 |7 0 |8 X |9 255327 |a BIBEDU |b BIBEDU |d 2019-11-19 |h v.4 |i 2587149 |o 103 CEN 1957 |p 2587149 |r 2023-01-13 |w 2019-11-19 |y BK_X |k FIL | ||